[Event "Mechanics' Winter TNM; 30/90, SD/30"]
[Site "San Francisco"]
[Date "2013.02.12"]
[Round "6.32"]
[White "Bayaraa, Chinguun"]
[Black "Allen, Tom"]
[Result "0-1"]
[WhiteElo "1645"]
[BlackElo "1535"]
[PlyCount "96"]
[EventDate "2013.??.??"]

1. d4 Nf6 2. c4 e5 3. dxe5 Ng4 4. Bf4 Bb4+ 5. Nd2 d6 6. exd6 Qf6 7. e3 cxd6 8.
a3 Bxd2+ 9. Qxd2 Ne5 10. Bxe5 dxe5 11. Nf3 Nc6 12. Be2 O-O 13. O-O Rd8 14. Qc1
Bf5 15. Rd1 e4 16. Ne1 Ne5 17. Nc2 Rxd1+ 18. Qxd1 Nc6 19. Qc1 Rd8 20. Nb4 Ne7
21. Qc2 a5 22. Na2 Nc6 23. Rc1 Ne5 24. Nc3 Nd3 25. Bxd3 exd3 26. Qd2 Qg6 27.
Nd5 Rd7 28. Nf4 Qg5 29. b4 axb4 30. axb4 Be4 31. f3 Bxf3 32. Rf1 Be4 33. g3 Qg4
34. Rf2 g5 35. Ng2 Bf3 36. Ne1 Be2 37. c5 h5 38. Rg2 Qf5 39. Rf2 Qd5 40. e4
Qxe4 41. Qxg5+ Qg6 42. Qd2 Re7 43. Ng2 Qe4 44. Nh4 Qe3 45. Qxe3 Rxe3 46. Ng2
Re4 47. Rxe2 Rxe2 48. Kf1 Rxg2 0-1

[Event "Mechanics' Fall TNM; 30/90, SD/30"]
[Site "San Francisco"]
[Date "2013.10.22"]
[Round "1.7"]
[White "Bayaraa, Chinguun"]
[Black "Byambaa, Uyanga"]
[Result "0-1"]
[WhiteElo "1625"]
[BlackElo "2066"]
[PlyCount "64"]
[EventDate "2013.??.??"]

1. d4 Nf6 2. c4 g6 3. Nc3 Bg7 4. e4 d6 5. h3 O-O 6. Nf3 Nbd7 7. Bg5 h6 8. Be3
e5 9. d5 Nc5 10. Qc2 a5 11. Be2 Nfd7 12. g4 c6 13. Nh2 cxd5 14. Nxd5 Ne6 15.
Qd2 Kh7 16. Nf1 Nd4 17. Ng3 Nc5 18. Bxd4 exd4 19. Nf4 $2 (19. O-O-O) 19... Re8
20. Bf3 Qf6 21. Bg2 $4 {Diagram #} Qxf4 22. Qxf4 Nd3+ 23. Kd2 Nxf4 24. Bf3 Bd7
25. b3 Bc6 26. Rad1 Re7 27. h4 b5 28. Rhe1 bxc4 29. bxc4 Rb8 30. Rb1 Reb7 31.
Rxb7 Rxb7 32. Kc2 Ba4+ 0-1

[Event "Mechanics' Fall TNM; 30/90, SD/30"]
[Site "San Francisco"]
[Date "2013.11.19"]
[Round "5.28"]
[White "Bayaraa, Chinguun"]
[Black "Cowgill, Jackie"]
[Result "1-0"]
[WhiteElo "1625"]
[BlackElo "983"]
[Annotator "Winslow,Elliott C"]
[PlyCount "46"]
[EventDate "2013.??.??"]

1. d4 d5 2. c4 c6 3. Nc3 dxc4 4. a4 Bf5 5. e4 Bg6 6. Bxc4 e6 7. Be3 Bb4 8. f3
Nf6 9. Nge2 a5 10. O-O O-O 11. Qb3 Qc8 12. Nf4 c5 13. d5 Bxc3 14. Qxc3 exd5 15.
Nxd5 Nbd7 $4 16. Ne7+ Kh8 17. Nxc8 Rfxc8 18. Bb5 b6 19. Rfd1 h6 20. Bxd7 Nxd7
21. Rxd7 Re8 22. Rad1 f6 23. Bxh6 gxh6 1-0

[Event "Mechanics' Neil Falconer TNM; 30/90, SD"]
[Site "San Francisco"]
[Date "2013.08.20"]
[Round "3.28"]
[White "Bayaraa, Chinguun"]
[Black "Frank, Robert"]
[Result "1/2-1/2"]
[WhiteElo "1729"]
[BlackElo "1317"]
[PlyCount "49"]
[EventDate "2013.??.??"]

1. d4 Nf6 2. c4 e6 3. Nc3 Bb4 4. Nf3 c5 5. Qc2 O-O 6. Bg5 h6 7. Bf4 d5 8. e3
Nc6 9. Rd1 Nh5 10. Bg3 f5 11. cxd5 exd5 12. Bd3 cxd4 13. exd4 f4 14. Bh4 Qe8+
15. Kf1 Be6 16. Re1 Qd7 17. Bg6 Bf5 18. Bxf5 Qxf5 19. Qxf5 Rxf5 20. Re6 g5 21.
Rxh6 gxh4 22. Nxh4 Rg5 23. Nf3 Rf5 24. Nh4 Rg5 25. Nf3 1/2-1/2

[Event "Mechanics' Summer TNM; 30/90, SD/30"]
[Site "San Francisco"]
[Date "2013.07.16"]
[Round "8.26"]
[White "Bayaraa, Chinguun"]
[Black "Frank, Robert"]
[Result "1-0"]
[WhiteElo "1651"]
[BlackElo "1343"]
[PlyCount "55"]
[EventDate "2013.??.??"]

1. d4 Nf6 2. c4 e6 3. Nc3 d5 4. Bg5 h6 5. Bh4 g5 6. Bg3 Bd6 7. Bxd6 Qxd6 8. e3
dxc4 9. Bxc4 Qb4 10. Bb3 Bd7 11. Nge2 a5 12. a3 Qd6 13. Ng3 Bc6 14. O-O Nbd7
15. Ba4 Ke7 16. Bxc6 Qxc6 17. Rc1 Rac8 18. e4 Nb6 19. Nd5+ Nfxd5 20. Rxc6 bxc6
21. exd5 cxd5 22. f4 Nc4 23. Qe2 f6 24. Nh5 Kf7 25. fxg5 f5 26. g6+ Kxg6 27.
Qxe6+ Kxh5 28. Qxf5+ 1-0

[Event "Mechanics' Spring TNM; 30/90, SD/30"]
[Site "San Francisco"]
[Date "2013.04.02"]
[Round "3.35"]
[White "Bayaraa, Chinguun"]
[Black "Harris, Clarence"]
[Result "1-0"]
[WhiteElo "1644"]
[BlackElo "1382"]
[PlyCount "71"]
[EventDate "2013.??.??"]

1. d4 Nf6 2. c4 g6 3. Nc3 Bg7 4. Bg5 O-O 5. e3 d6 6. Nf3 Nc6 7. Rc1 Qe8 8. Be2
h6 9. Bh4 e6 10. O-O Nh7 11. d5 Ne7 12. dxe6 fxe6 13. Bxe7 Qxe7 14. Bd3 g5 15.
Qc2 Nf6 16. Ne4 g4 17. Ne1 Nxe4 18. Bxe4 h5 19. f3 Qg5 20. Qe2 Bh6 21. Nc2 c6
22. f4 Qg7 23. Nd4 d5 24. cxd5 exd5 25. Bb1 Bd7 26. Nb3 b6 27. Kh1 Bf5 28. Bxf5
Rxf5 29. Rxc6 h4 30. Nd4 Rf7 31. Ne6 Qh7 32. Qxg4+ Bg7 33. Ng5 Qd3 34. Rd1 Qxe3
35. Nxf7 Re8 36. Ne5 1-0

[Event "Mechanics' Neil Falconer TNM; 30/90, SD"]
[Site "San Francisco"]
[Date "2013.08.27"]
[Round "4.28"]
[White "Bayaraa, Chinguun"]
[Black "Hilliard, Michael"]
[Result "1/2-1/2"]
[WhiteElo "1729"]
[BlackElo "1400"]
[PlyCount "82"]
[EventDate "2013.??.??"]

1. d4 d5 2. c4 e6 3. Nc3 c5 4. Nf3 Nc6 5. e3 Nf6 6. Be2 Bd6 7. O-O O-O 8. h3 a6
9. a4 Re8 10. Re1 e5 11. dxe5 Bxe5 12. Nxd5 Re6 13. Nxf6+ Bxf6 14. Qxd8+ Nxd8
15. Rd1 Nc6 16. Bf1 b6 17. Rb1 Bb7 18. b3 Rd8 19. Rxd8+ Nxd8 20. Bb2 Bxb2 21.
Rxb2 Rd6 22. Rd2 Rxd2 23. Nxd2 a5 24. f3 Ne6 25. Kf2 Kf8 26. g4 Ke7 27. f4 g6
28. Bg2 Bc8 29. Nf3 f6 30. Nd2 f5 31. g5 Kd6 32. Nf3 Bd7 33. h4 Be8 34. Ne5 Kc7
35. Bd5 Kd6 36. Bf3 Kc7 37. Be2 Kd6 38. Bd3 Ke7 39. Be2 Kd6 40. Bf3 Kc7 41. Bd5
Kd6 1/2-1/2

[Event "Mechanics' Summer TNM; 30/90, SD/30"]
[Site "San Francisco"]
[Date "2013.06.11"]
[Round "3.21"]
[White "Bayaraa, Chinguun"]
[Black "Krasnov, Steven"]
[Result "1-0"]
[WhiteElo "1651"]
[BlackElo "1955"]
[PlyCount "97"]
[EventDate "2013.??.??"]

1. d4 e6 2. c4 f5 3. Nc3 Nf6 4. Nf3 c6 5. Bf4 d5 6. e3 Be7 7. Rc1 O-O 8. c5 a5
9. a3 Na6 10. Bxa6 Rxa6 11. O-O Ne4 12. Ne2 Bd7 13. Rb1 Be8 14. Nd2 g5 15. Be5
Bh5 16. f3 Nf6 17. Ng3 Bg6 18. Ra1 h5 19. Bxf6 Bxf6 20. f4 gxf4 21. Nxh5 fxe3
22. Nb3 Bg5 23. Nf4 Qf6 24. Qe2 a4 25. Nc1 Bxf4 26. Rxf4 e5 27. dxe5 Qxe5 28.
Nd3 Qe7 29. Re1 Re8 30. Nb4 Ra5 31. Nd3 Qg7 32. h4 d4 33. h5 Bh7 34. Rd1 Re4
35. Qe1 Rb5 36. Qh4 Rxf4 37. Nxf4 Rxb2 38. h6 $1 e2 39. Nxe2 Qe5 40. Qg5+ Kf7
41. Nxd4 Bg6 42. Nf3 Qxc5+ 43. Kh1 Qe7 44. Rd7 $1 Re2 45. Rxe7+ Rxe7 46. Nh4
Re6 47. Nxg6 Rxg6 48. Qxf5+ Rf6 49. Qd7+ 1-0

[Event "Mechanics' Fall TNM; 30/90, SD/30"]
[Site "San Francisco"]
[Date "2013.10.29"]
[Round "2.19"]
[White "Bayaraa, Chinguun"]
[Black "Krasnov, Steven"]
[Result "0-1"]
[WhiteElo "1625"]
[BlackElo "1949"]
[Annotator "Donaldson"]
[PlyCount "76"]
[EventDate "2013.??.??"]

1. d4 Nf6 2. c4 e6 3. Nc3 d5 4. Bg5 Be7 5. e3 h6 6. Bh4 c6 7. Nf3 Nbd7 8. Rc1
O-O 9. Bd3 dxc4 10. Bxc4 b5 11. Bd3 Bb7 12. O-O a6 13. Qe2 c5 14. dxc5 Nxc5 15.
Bb1 Rc8 16. Rfd1 Qb6 17. Bg3 $4 b4 $19 18. h3 bxc3 19. Rxc3 Nce4 20. Bxe4 Nxe4
21. Rxc8 Rxc8 22. Be5 Bd5 23. Bd4 Qb7 24. Ne5 Nf6 25. f3 Bxa2 26. Ra1 Bd5 27.
e4 Qb4 28. Bc3 Qb6+ 29. Kh1 Bb7 30. Nc4 Qb5 31. b3 Qxb3 32. Bxf6 Bxf6 33. Na5
Qc3 34. Rb1 Bxe4 35. Qxe4 Qxa5 36. Qb7 Rc7 37. Qa8+ Kh7 38. Qe4+ Qf5 0-1

[Event "Mechanics' Spring TNM; 30/90, SD/30"]
[Site "San Francisco"]
[Date "2013.03.19"]
[Round "1.13"]
[White "Bayaraa, Chinguun"]
[Black "Morton, Adam"]
[Result "0-1"]
[WhiteElo "1644"]
[BlackElo "2010"]
[PlyCount "88"]
[EventDate "2013.??.??"]

1. d4 d5 2. c4 c6 3. Nf3 Nf6 4. Nc3 e6 5. Bg5 dxc4 6. e3 b5 7. a4 Bb4 8. Qc2
Bb7 9. Be2 Nbd7 10. O-O a6 11. Na2 Be7 12. Nc3 O-O 13. Rfd1 h6 14. Bh4 Nd5 15.
Bxe7 Qxe7 16. Nxd5 cxd5 17. b3 Rfc8 18. Qb2 Qb4 19. Qa3 Qxa3 20. Rxa3 b4 21.
Raa1 cxb3 22. Rab1 a5 23. Rxb3 Ba6 24. Kf1 Rc2 25. Bxa6 Rxa6 26. Rbb1 Rac6 27.
Nd2 Nb6 28. Ke1 Nxa4 29. Nb3 Ra6 30. Rd2 Rxd2 31. Kxd2 Nb6 32. Ra1 Nc4+ 33. Kd3
Kf8 34. Nc5 Ra7 35. f3 Ke7 36. e4 Kd6 37. e5+ Nxe5+ 38. Kc2 Nc4 39. Kb3 Kc6 40.
Na4 Kb5 41. Ra2 Rc7 42. Nc5 Rc6 43. Re2 a4+ 44. Nxa4 Na5+ 0-1

[Event "Mechanics' Summer TNM; 30/90, SD/30"]
[Site "San Francisco"]
[Date "2013.05.28"]
[Round "1.11"]
[White "Bayaraa, Chinguun"]
[Black "Ortega, Bill"]
[Result "0-1"]
[WhiteElo "1651"]
[BlackElo "2070"]
[PlyCount "74"]
[EventDate "2013.??.??"]

1. d4 d5 2. c4 c6 3. Nf3 e6 4. Nc3 dxc4 5. e4 b5 6. a4 Bb4 7. Be3 Bb7 8. axb5
cxb5 9. e5 Ne7 10. Be2 h6 11. O-O Bxc3 12. bxc3 a6 13. Qc2 Qc7 14. Rfd1 Nd7 15.
Ne1 Nb6 16. Bf3 Nbd5 17. Rdb1 O-O 18. Bd2 Nf5 19. Be4 Nde7 20. Bxb7 Qxb7 21. f4
Nd5 22. Nf3 Nde3 23. Bxe3 Nxe3 24. Qd2 Nd5 25. Ne1 a5 26. Nc2 Rfb8 27. Na3 Qc6
28. Rc1 Rc8 29. Rab1 Rab8 30. h3 b4 31. cxb4 c3 32. Qf2 axb4 33. Nc2 b3 34. Ne3
Nxe3 35. Qxe3 Qc4 36. Qf2 c2 37. Rb2 Qc3 0-1

[Event "Mechanics' Neil Falconer TNM; 30/90, SD"]
[Site "San Francisco"]
[Date "2013.09.24"]
[Round "8.27"]
[White "Bayaraa, Chinguun"]
[Black "Ross, David"]
[Result "1-0"]
[WhiteElo "1729"]
[BlackElo "1075"]
[PlyCount "107"]
[EventDate "2013.??.??"]

1. d4 Nf6 2. c4 g6 3. Nc3 Bg7 4. e4 d6 5. h3 O-O 6. Nf3 e5 7. d5 Na6 8. Be3 Nd7
9. a3 f5 10. Bd3 fxe4 11. Nxe4 Nf6 12. O-O Bf5 13. Bg5 Bxe4 14. Bxe4 h6 15.
Bxf6 Qxf6 16. Qc2 Kh7 17. b4 c5 18. b5 Nc7 19. Nh2 a6 20. b6 Ne8 21. Ng4 Qf7
22. Rae1 h5 23. Nh2 Nf6 24. Bd3 Rae8 25. Nf3 Bh6 26. Kh1 Rg8 27. Ng1 Qe7 28.
Be4 Nxe4 29. Qxe4 Qd8 30. Rb1 Ref8 31. Ne2 Rf6 32. Ng3 Rf4 33. Qc2 Kh8 34. a4
Qh4 35. Rbc1 Rd4 36. Rce1 Rxc4 37. Qe2 Rxa4 38. Ne4 Rxe4 39. Qxe4 Qxe4 40. Rxe4
Rc8 41. Rc4 Kg7 42. g3 Kf6 43. f3 Be3 44. Kg2 Bd2 45. Rd1 Ba5 46. Rb1 Re8 47.
Kf2 Bd2 48. Ke2 Bh6 49. Kd3 a5 $4 $18 50. Ra4 Ra8 51. Rb5 Ke7 52. Raxa5 Rxa5
53. Rxa5 Kd7 54. Ra7 {Black resigns.} 1-0

[Event "Mechanics' Summer TNM; 30/90, SD/30"]
[Site "San Francisco"]
[Date "2013.06.18"]
[Round "4.16"]
[White "Bayaraa, Chinguun"]
[Black "Rudyak, Felix"]
[Result "0-1"]
[WhiteElo "1651"]
[BlackElo "1946"]
[PlyCount "86"]
[EventDate "2013.??.??"]

1. d4 d5 2. c4 e6 3. Nc3 c5 4. Nf3 Nc6 5. Bf4 a6 6. e3 Nf6 7. Rc1 Qa5 8. Qc2
dxc4 9. Bxc4 b5 10. Be2 b4 11. Qa4 Qb6 12. Nb1 Bd7 13. Qd1 cxd4 14. Nxd4 Rd8
15. Bf3 Nxd4 16. exd4 Bd6 17. Be3 Qb8 18. h3 Bb5 19. Nd2 Nd5 20. Be2 Nxe3 21.
fxe3 Bg3+ 22. Kf1 O-O 23. Ne4 Bh4 24. Bxb5 Qxb5+ 25. Qe2 Qd5 26. Qg4 Be7 27.
Nc5 Qxa2 28. Qe2 Bxc5 29. dxc5 Rc8 30. Kf2 Qd5 31. Qc4 Qd2+ 32. Qe2 Rfd8 33.
Rhd1 Qxe2+ 34. Kxe2 Kf8 35. Rxd8+ Rxd8 36. Rc4 a5 37. Rd4 Rxd4 38. exd4 Ke7 39.
Kd3 Kd7 40. b3 Kc6 41. g3 Kd5 42. h4 f6 43. g4 e5 0-1

[Event "Mechanics' Spring TNM; 30/90, SD/30"]
[Site "San Francisco"]
[Date "2013.04.16"]
[Round "5.20"]
[White "Bayaraa, Chinguun"]
[Black "Sherwood, Peter"]
[Result "0-1"]
[WhiteElo "1644"]
[BlackElo "1812"]
[PlyCount "68"]
[EventDate "2013.??.??"]

1. d4 Nf6 2. c4 g6 3. Nc3 d5 4. Bg5 Ne4 5. Nxe4 dxe4 6. e3 Bg7 7. Ne2 c5 8. Rb1
Qa5+ 9. Qd2 Qxd2+ 10. Kxd2 cxd4 11. exd4 Nc6 12. d5 Nb4 13. Nc1 Bf5 14. Be3 O-O
15. a3 Na6 16. Be2 Rac8 17. Rd1 Nc5 18. Ke1 b6 19. g4 Bd7 20. Kf1 Rfd8 21. Bd4
Bh6 22. Kg2 Bf4 23. Be3 Bxe3 24. fxe3 Nb7 25. b4 Nd6 26. Nb3 Nxc4 27. Bxc4 Rxc4
28. Nd2 Rc2 29. Kg3 Rc3 30. Kf4 Ba4 31. Nxe4 Rc4 32. Rdc1 Rdc8 33. Rxc4 Rxc4
34. Kf3 Rxe4 0-1

[Event "Mechanics' Spring TNM; 30/90, SD/30"]
[Site "San Francisco"]
[Date "2013.04.30"]
[Round "7.22"]
[White "Bayaraa, Chinguun"]
[Black "Solomonik, Edgar"]
[Result "0-1"]
[WhiteElo "1644"]
[BlackElo "1779"]
[PlyCount "66"]
[EventDate "2013.??.??"]

1. d4 Nf6 2. c4 c5 3. Nf3 g6 4. Nc3 Bg7 5. Bf4 cxd4 6. Nxd4 Qb6 7. Nb3 d6 8.
Rc1 O-O 9. e3 Nc6 10. Be2 Bf5 11. O-O a5 12. Qd2 Ne4 13. Nxe4 Bxe4 14. Bd3 Bxd3
15. Qxd3 a4 16. c5 Qd8 17. Na1 Bxb2 18. Rc2 Nb4 19. Qb5 Nxc2 20. Nxc2 Be5 21.
Bh6 Bg7 22. Bxg7 Kxg7 23. cxd6 Qxd6 24. Qxb7 e5 25. Ne1 Qe6 26. Qb2 a3 27. Qd2
e4 28. f3 exf3 29. Nxf3 Rfe8 30. Kh1 Qxe3 31. Qd1 Qe2 32. Qa1+ Qb2 33. Qd1 Rad8
0-1

[Event "Mechanics' Summer TNM; 30/90, SD/30"]
[Site "San Francisco"]
[Date "2013.07.02"]
[Round "6.14"]
[White "Bayaraa, Chinguun"]
[Black "Todortsev, Victor"]
[Result "0-1"]
[WhiteElo "1651"]
[BlackElo "1916"]
[PlyCount "90"]
[EventDate "2013.??.??"]

1. d4 d5 2. c4 e6 3. Nc3 Nf6 4. Bg5 Be7 5. e3 O-O 6. Nf3 Nbd7 7. Rc1 c6 8. Bd3
dxc4 9. Bxc4 Nd5 10. Bxe7 Qxe7 11. O-O Rd8 12. e4 Nf4 13. Qd2 Ng6 14. a3 e5 15.
d5 Nf4 16. Ne2 Nxe2+ 17. Qxe2 Nb6 18. dxc6 bxc6 19. Bb3 Bb7 20. Qe3 Rac8 21.
Ng5 Rf8 22. f4 c5 23. f5 c4 24. Bc2 h6 25. Nh3 f6 26. Kh1 Rfd8 27. Rf3 Qc5 28.
Qe2 Qd4 29. Rg3 Qd2 30. Qd1 Qxd1+ 31. Rxd1 Rxd1+ 32. Bxd1 Bxe4 33. Bg4 h5 34.
Nf2 Bd3 35. Nxd3 cxd3 36. Bd1 e4 37. Bb3+ Nc4 38. Kg1 Kf8 39. Kf2 e3+ 40. Ke1
h4 41. Rh3 Na5 42. Rxe3 Nxb3 43. Rxd3 Rc1+ 44. Kf2 Rc2+ 45. Kf3 Rxb2 0-1

[Event "Mechanics' Neil Falconer TNM; 30/90, SD"]
[Site "San Francisco"]
[Date "2013.10.01"]
[Round "9.21"]
[White "Bayaraa, Chinguun"]
[Black "Yamamoto, Craig"]
[Result "1-0"]
[WhiteElo "1729"]
[BlackElo "1500"]
[PlyCount "67"]
[EventDate "2013.??.??"]

1. d4 Nf6 2. c4 e6 3. Nc3 d5 4. Bg5 Be7 5. e3 c6 6. Nf3 Nbd7 7. Rc1 O-O 8. Be2
Re8 9. O-O Bf8 10. Qc2 g6 11. Rfd1 b6 12. e4 dxe4 13. Nxe4 Be7 14. Ne5 Bb7 15.
Nxf6+ Bxf6 16. Bxf6 Nxf6 17. Bf3 Qc7 18. Qd2 Red8 19. Qg5 Kg7 20. b4 Re8 21. b5
cxb5 22. cxb5 Qe7 23. Bxb7 Qxb7 24. Nc6 a6 25. a4 axb5 26. axb5 Qd7 27. Qe3 Nd5
28. Qe5+ f6 29. Qg3 Rac8 30. h3 Qc7 31. Qf3 Qd6 32. Rc4 Nc7 33. Na7 Ra8 $4 {
Diagram #} 34. Qb7 1-0

[Event "Mechanics' Winter TNM; 30/90, SD/30"]
[Site "San Francisco"]
[Date "2013.01.29"]
[Round "4.30"]
[White "Bekhtur, Bayaara"]
[Black "Simpkins, Jerry"]
[Result "1-0"]
[WhiteElo "1650"]
[BlackElo "1339"]
[PlyCount "63"]
[EventDate "2013.??.??"]

1. e4 e5 2. Nf3 d5 3. exd5 e4 4. Qe2 f5 5. d3 Nf6 6. Bg5 Bb4+ 7. c3 O-O 8. dxe4
fxe4 9. Bxf6 Qxf6 10. Qxe4 Bc5 11. Bd3 g6 12. O-O Bf5 13. Qc4 Bd6 14. Nbd2 Nd7
15. Bxf5 Qxf5 16. Nd4 Qf4 17. N2f3 Ne5 18. Nxe5 Qxe5 19. g3 Rf4 20. Rae1 Re4
21. Rxe4 Qxe4 22. Qb3 b6 23. Ne6 h5 24. Qb5 h4 25. Qd7 Qe5 26. f4 Qe3+ 27. Kg2
Qe2+ 28. Rf2 h3+ 29. Kxh3 Qh5+ 30. Kg2 Qxd5+ 31. Rf3 Qd2+ 32. Kh3 1-0

[Event "Mechanics' Fall TNM; 30/90, SD/30"]
[Site "San Francisco"]
[Date "2013.12.03"]
[Round "7.18"]
[White "Bekhtur, Bayaraa"]
[Black "Chandrasekaran, Siddarth"]
[Result "1-0"]
[WhiteElo "1816"]
[BlackElo "1663"]
[PlyCount "75"]
[EventDate "2013.??.??"]

1. e4 e5 2. Nf3 Nc6 3. Bb5 d6 4. O-O Nf6 5. Re1 Bd7 6. c3 g6 7. d4 Bg7 8. dxe5
Nxe5 9. Bxd7+ Nfxd7 10. Nxe5 Nxe5 11. f4 Nc6 12. Nd2 O-O 13. Nf3 Re8 14. Qb3
Rb8 15. Bd2 Qd7 16. Rad1 a5 17. Bc1 Ra8 18. e5 a4 19. Qc4 Bf8 20. Ng5 Nd8 21.
Ne4 Qe6 22. Nf6+ Kh8 23. Qxc7 Re7 24. Qxd6 Qxd6 25. Rxd6 Rc7 26. Rd7 Rxd7 27.
Nxd7 Ne6 28. g4 Be7 29. g5 Rd8 30. Nf6 Nc5 31. Be3 Rd3 32. Kf2 Ne6 33. Ke2 Rd8
34. Kf3 Kg7 35. Ke4 Bc5 36. Bc1 Bb6 37. Be3 Bc7 38. Nd5 1-0

[Event "Mechanics' Winter TNM; 30/90, SD/30"]
[Site "San Francisco"]
[Date "2013.02.12"]
[Round "6.13"]
[White "Bekhtur, Bayaraa"]
[Black "Krasnov, Steven"]
[Result "0-1"]
[WhiteElo "1650"]
[BlackElo "1958"]
[PlyCount "54"]
[EventDate "2013.??.??"]

1. e4 c5 2. Nf3 d6 3. d4 cxd4 4. Nxd4 Nf6 5. Nc3 a6 6. Bc4 e6 7. O-O b5 8. Bb3
b4 9. Na4 Nxe4 10. Qe1 d5 11. f3 Nf6 12. Bg5 Bb7 13. Rd1 Be7 14. Bxf6 gxf6 15.
Nxe6 fxe6 16. Qxe6 Qd7 17. Qe3 O-O 18. Nb6 Qb5 19. Rxd5 Bxd5 20. Bxd5+ Kh8 21.
Qxe7 Qxb6+ 22. Kh1 Nc6 23. Qd7 Ne5 24. Qf5 Rad8 25. Be4 Qc7 26. f4 Nc4 27. Qh5
Nd2 0-1

[Event "Mechanics' Summer TNM; 30/90, SD/30"]
[Site "San Francisco"]
[Date "2013.07.09"]
[Round "7.19"]
[White "Bekhtur, Bayaraa"]
[Black "Li, William"]
[Result "0-1"]
[WhiteElo "1702"]
[BlackElo "1787"]
[Annotator "Donaldson"]
[PlyCount "84"]
[EventDate "2013.??.??"]

1. e4 c6 2. d4 d5 3. e5 c5 4. c3 Nc6 5. h3 Bf5 6. Bb5 cxd4 7. cxd4 Bxb1 8.
Bxc6+ bxc6 9. Rxb1 e6 10. Qa4 Qd7 11. b4 Ne7 12. Ne2 Nc8 13. b5 c5 14. Ba3 Nb6
15. Qa6 Rc8 16. Rc1 Nc4 17. O-O Be7 18. Rfd1 O-O 19. dxc5 Nxa3 20. Qxa3 Qxb5
21. Nd4 Qb7 22. f4 Qc7 23. Nb3 f6 24. Qa6 Kf7 25. Nd4 Qd7 26. c6 (26. f5 $1)
26... Qc7 27. Nb5 Qb6+ 28. Qxb6 axb6 29. Nd6+ Bxd6 30. exd6 Rfd8 31. d7 Rc7 32.
f5 Ke7 33. fxe6 Kxe6 34. Re1+ Kd6 35. Re8 $4 Rdxd7 36. cxd7 Rxc1+ 37. Kh2 Kxd7
38. Rg8 g6 39. Rg7+ Ke6 40. Rxh7 d4 41. Rh8 Rc7 42. Rd8 Rd7 0-1

[Event "Mechanics' Spring TNM; 30/90, SD/30"]
[Site "San Francisco"]
[Date "2013.04.23"]
[Round "6.23"]
[White "Bekhtur, Bayaraa"]
[Black "Luke, Gary"]
[Result "1-0"]
[WhiteElo "1649"]
[BlackElo "1809"]
[PlyCount "69"]
[EventDate "2013.??.??"]

1. e4 e5 2. Nf3 Nc6 3. Bb5 Nge7 4. d4 exd4 5. Nxd4 Nxd4 6. Qxd4 Nc6 7. Bxc6
bxc6 8. O-O Qe7 9. Bf4 d6 10. e5 d5 11. c4 Qc5 12. Qxc5 Bxc5 13. cxd5 cxd5 14.
Nc3 c6 15. Na4 Be7 16. Rfc1 Bd7 17. Rc3 g5 18. Be3 O-O 19. f4 (19. Bc5 $1 Rfe8
20. Re1 Rab8 21. b3 a5 22. Bxe7 Rxe7 23. Nc5 $14) 19... g4 $6 20. Bc5 $1 Rfe8
21. Bxe7 Rxe7 22. Nc5 Bf5 23. Nb3 Rc7 24. Rac1 Rb8 25. Nd4 Bd7 26. b3 $16 Rb6
27. Kf2 Rb4 28. Ke3 Kg7 29. a3 (29. Nxc6 Re4+ $11) 29... Rb6 30. f5 (30. b4)
30... Kh6 31. Kf4 Rb8 32. h3 f6 33. exf6 Re8 34. Ne6 $1 Bxe6 35. hxg4 $1 1-0

[Event "Mechanics' Spring TNM; 30/90, SD/30"]
[Site "San Francisco"]
[Date "2013.03.26"]
[Round "2.34"]
[White "Bekhtur, Bayaraa"]
[Black "Simpkins, Jerry"]
[Result "1-0"]
[WhiteElo "1649"]
[BlackElo "1317"]
[PlyCount "41"]
[EventDate "2013.??.??"]

1. e4 e5 2. Nf3 d5 3. exd5 e4 4. Qe2 f5 5. d3 Nf6 6. Bg5 Bb4+ 7. c3 O-O 8. Bxf6
Qxf6 9. dxe4 fxe4 10. Qxe4 Bc5 11. Bd3 g6 12. O-O Bf5 13. Qc4 Bxd3 14. Qxd3 Bd6
15. Qd4 Qd8 16. Nbd2 Rf4 17. Qd3 Nd7 18. g3 Rf6 19. Ne4 Rf8 20. Nxd6 cxd6 21.
Nd4 {Remaining moves unavailable. White is two pawns up and won in another
twenty moves.} 1-0

[Event "Mechanics' Fall TNM; 30/90, SD/30"]
[Site "San Francisco"]
[Date "2013.11.19"]
[Round "5.17"]
[White "Bekhtur, Bayaraa"]
[Black "Starr, Albert"]
[Result "0-1"]
[WhiteElo "1816"]
[BlackElo "1452"]
[PlyCount "90"]
[EventDate "2013.??.??"]

1. e4 e5 2. Nf3 Nf6 3. Nc3 Bb4 4. d3 d5 5. exd5 Nxd5 6. Be2 Nxc3 7. bxc3 Bxc3+
8. Bd2 Bxa1 9. Qxa1 f6 10. Bb4 Nc6 11. Ba3 Nd4 12. Bd1 Nxf3+ 13. Bxf3 c6 14.
O-O Be6 15. Qb2 Qb6 16. Qa1 Bd5 17. Bg4 Qd4 18. Qxd4 exd4 19. Re1+ Kd8 20. Re7
b6 21. Bd6 g6 22. h4 f5 23. Bh3 h5 24. f3 a5 25. Kf2 Rc8 26. Kg3 Re8 27. Rg7
Re6 28. Bf4 Bxa2 29. Bg5+ Ke8 30. Kf4 Rd6 31. g4 Rd7 32. Rxg6 hxg4 33. fxg4
Rcc7 34. Kxf5 Rg7 35. Bf6 Rxg6 36. Kxg6 c5 37. h5 Bf7+ 38. Kf5 Kf8 39. g5 Bxh5
40. g6 a4 41. Bg2 a3 42. Bd5 b5 43. g7+ Rxg7 44. Bxg7+ Kxg7 45. Bb3 Bf7 0-1

[Event "Mechanics' Summer TNM; 30/90, SD/30"]
[Site "San Francisco"]
[Date "2013.06.18"]
[Round "4.32"]
[White "Bekhtur, Bayaraa"]
[Black "Touset, Stephen"]
[Result "1-0"]
[WhiteElo "1702"]
[BlackElo "1005"]
[PlyCount "65"]
[EventDate "2013.??.??"]

1. e4 d6 2. d4 Nf6 3. Nc3 e5 4. Be3 exd4 5. Bxd4 Be7 6. f4 c5 7. Bxf6 Bxf6 8.
e5 dxe5 9. Qxd8+ Bxd8 10. fxe5 Bg5 11. Nb5 Na6 12. Nd6+ Ke7 13. Nf3 Nb4 14.
Nxg5 Nxc2+ 15. Kd2 Nxa1 16. Bc4 Bf5 17. Rxa1 Bg6 18. Ngxf7 Rhf8 19. e6 Bxf7 20.
Nxf7 a6 21. Ke3 Kf6 22. Rf1+ Ke7 23. Rd1 b5 24. Bd5 Rae8 25. Ke4 Kf6 26. Rf1+
Ke7 27. Ke5 Rd8 28. Rf3 c4 29. Ra3 Rc8 30. Rxa6 Rc7 31. Rb6 Rc5 32. Rb7+ Ke8
33. Kd6 1-0

[Event "Mechanics' Summer TNM; 30/90, SD/30"]
[Site "San Francisco"]
[Date "2013.07.16"]
[Round "8.33"]
[White "Brown, Nicholas"]
[Black "Cowgill, Jackie"]
[Result "1/2-1/2"]
[WhiteElo "1570"]
[BlackElo "964"]
[PlyCount "113"]
[EventDate "2013.??.??"]

1. d4 d5 2. c4 c6 3. Nf3 Nf6 4. e3 Bg4 5. Nbd2 e6 6. Qc2 Be7 7. Bd3 O-O 8. O-O
Nbd7 9. Ng5 Bf5 10. Bxf5 exf5 11. Qxf5 a5 12. b3 Bb4 13. Ndf3 h6 14. Nh3 Qc7
15. c5 b6 16. cxb6 Qxb6 17. Bb2 Qb7 18. a3 Bd6 19. Qc2 Ne4 20. Rad1 Rfe8 21.
Nd2 Ndf6 22. f3 Ng5 23. Nxg5 hxg5 24. Rde1 Qc7 25. h3 Bh2+ 26. Kh1 Nh5 27. f4
Bg3 28. Nf3 Bxe1 29. Rxe1 Ng3+ 30. Kg1 Ne4 31. fxg5 Re6 32. Bc1 Qg3 33. Rf1
Nxg5 34. Nxg5 Qxg5 35. e4 Qg3 36. e5 Rh6 37. Bxh6 gxh6 38. Qf2 Qxf2+ 39. Rxf2
Rb8 40. Rf3 Rb5 41. Rc3 Kf8 42. a4 Rb6 43. Kf2 Ke7 44. g4 f6 45. exf6+ Kxf6 46.
Kg3 Ke6 47. Kf4 Kd6 48. h4 Rb8 49. h5 Rf8+ 50. Kg3 Re8 51. Rd3 Re4 52. Kf3 c5
53. dxc5+ Kxc5 54. Kg3 d4 55. Kf3 Re7 56. Kf4 Re8 57. Kf3 1/2-1/2

[Event "Mechanics' Winter TNM; 30/90, SD/30"]
[Site "?"]
[Date "2013.02.12"]
[Round "6"]
[White "Brown, Nicholas"]
[Black "Cox, Hank"]
[Result "1/2-1/2"]
[WhiteElo "1471"]
[BlackElo "1623"]
[Annotator "Donaldson"]
[PlyCount "83"]
[EventDate "2013.01.14"]

1. d4 Nf6 2. c4 g6 3. Nc3 Bg7 4. e4 d6 5. Nf3 O-O 6. Be2 Nbd7 7. O-O c5 8. d5
a6 9. Be3 Rb8 10. Qd2 Ng4 11. Bf4 Nge5 12. Bh6 Nxf3+ 13. Bxf3 Ne5 14. Be2 Ng4
15. Bxg7 Kxg7 16. Nd1 Nf6 17. f3 b5 18. b3 b4 19. Bd3 Rh8 20. Re1 h5 21. Qb2 e5
22. Rf1 h4 23. Ne3 Nh5 24. f4 Nxf4 $4 25. Rxf4 Qg5 26. Rf3 h3 27. Qf2 Rb7 28.
Rg3 Qh4 29. Rf1 hxg2 30. Qxg2 Rh5 31. Nf5+ Bxf5 32. exf5 g5 33. f6+ Kh6 34. Rg4
Qh3 35. Qxh3 Rxh3 36. Rg3 Rxg3+ 37. hxg3 g4 38. Be2 Kg5 39. Bd3 Rb8 40. Rf5+
Kh6 41. Be2 Rg8 42. Kf2 {
One winning plan for White is to put his rook on a1 and play a3.} 1/2-1/2